01238nam a2200301 a 4500001001100000003000800011006001900019007001500038008004100053010001700094020003300111040002100144035002000165050002500185082002000210100003000230245012100260260005500381300001100436504006400447533015200511650004600663650004300709655002900752710001700781856012500798999001300923ebr5004014CaPaEBRm u cr cn|||||||||981104s1999 enk sb 001 0 eng  z 98045895  z1853027413 (pb : alk. paper) aCaPaEBRcCaPaEBR a(OCoLC)5508188114aRJ506.H9bH65 1999eb04a618.92/85892211 aHolowenko, Henryk,d1955-10aAttention deficit/hyperactivity disorderh[electronic resource] :ba multidisciplinary approach /cHenryk Holowenko. aLondon ;aPhiladelphia :bJessica Kingsley,c1999. a107 p. aIncludes bibliographical references (p. 87-94) and indexes. aElectronic reproduction.bPalo Alto, Calif. :cebrary,d2013.nAvailable via World Wide Web.nAccess may be limited to ebrary affiliated libraries. 0aAttention-deficit hyperactivity disorder. 0aAttention-deficit-disordered children. 7aElectronic books.2local2 aebrary, Inc.40uhttp://site.ebrary.com/lib/rucke/Doc?id=5004014zAn electronic book accessible through the World Wide Web; click to view c698d698